000 00627nam a2200205Ia 4500
003 GCL
008 140319s9999 xx 000 0 ara d
040 _aGCL /
_cGCL
082 0 4 _a230.150
_bم ع
100 1 _aمحمد عثمان نجاتى
245 1 0 _aالحديث النبوى وعلم النفس /
_cمحمد عثمان نجاتى
260 _a[S.N] :
_bدار الشروق ،
_c1993
300 _a359 ص
490 _a
650 0 4 _aعلم النفس
650 0 4 _aالاحاديث النبوية
650 0 4 _aالدوافع النفسية
650 0 4 _aالانفعالات النفسية
942 _2ddc
_cBK
999 _c52187
_d52187